000 00466nam a2200169Ia 4500
001 14757
003 GE_BSU
008 181216s||||||||xx |||||||||||||| ||und||
040 _cGE_BSU
245 _aПсихология обучения, №2 Февраль 2015.
245 _cГл. ред. Б.П.Бархаев и др.
260 _aМосква
260 _c2015
300 _a128стр.24см.
653 _aПсихология обучения
942 _cCR
999 _c47880
_d47880